[Event "Politiken Cup"]
[Site "Copenhagen DEN"]
[Date "2010.08.06"]
[Round "8"]
[White "Jessen,E"]
[Black "Jensen,Ha"]
[Result "1-0"]
[WhiteElo "1771"]
[BlackElo "1600"]

1.e4 e5 2.Nf3 Nc6 3.Bb5 a6 4.Ba4 Nf6 5.O-O b5 6.Bb3 Bb7 7.d3 Na5 8.Nxe5 Nxb3
9.axb3 Bd6 10.Nf3 h6 11.Nbd2 Ng4 12.h3 Ne5 13.Nxe5 Bxe5 14.Nf3 Bd6 15.Re1 O-O
16.e5 Bc5 17.Be3 Be7 18.d4 d6 19.c3 dxe5 20.dxe5 f6 21.Qxd8 Raxd8 22.Nd4 Bd5
23.Rxa6 fxe5 24.Nxb5 c6 25.Na3 Rf6 26.Nc4 Bxc4 27.bxc4 Rdf8 28.c5 Re6 29.b4 Rff6
30.Rd1 Rg6 31.c4 Bg5 32.Rd3 e4 33.Rb3 Ref6 34.Bd4 Rf4 35.b5 Rh4 36.Rxc6 Bf6
37.Rg3 Rxg3 38.Bxf6  1-0

[Event "Politiken Cup"]
[Site "Copenhagen DEN"]
[Date "2010.08.06"]
[Round "8"]
[White "Petersen,Stee1"]
[Black "Jensen,N"]
[Result "1-0"]
[WhiteElo "2152"]
[BlackElo "1993"]

1.e4 e5 2.Nf3 Nc6 3.Bb5 a6 4.Ba4 Nf6 5.O-O b5 6.Bb3 Bb7 7.c3 Nxe4 8.d4 Na5
9.Nxe5 Nxb3 10.Qxb3 d5 11.Re1 Be7 12.Nxf7 Kxf7 13.Rxe4 Rf8 14.Re2 Kg8 15.Be3 Bc8
16.Nd2 Bg4 17.f3 Bf5 18.Ne4 Kh8 19.Ng3 Bd3 20.Rd2 Bg6 21.Re1 c6 22.Bf2 Bd6
23.Nf1 Qg5 24.Bg3 Bxg3 25.hxg3 Rae8 26.Rxe8 Rxe8 27.Kf2 c5 28.dxc5 Qe7 29.Qxd5 Bf7
30.Qd6 Qe1+ 31.Kg1 Bc4 32.Rd1 Qe2 33.b3 Bg8 34.c6 Qxa2 35.c7 Qxb3 36.Qd8  1-0

[Event "Twente Young Masters"]
[Site "Enschede NED"]
[Date "2010.08.09"]
[Round "1"]
[White "Kleijn,C"]
[Black "Zherebukh,Y"]
[Result "1/2-1/2"]
[WhiteElo "2424"]
[BlackElo "2572"]

1.e4 e5 2.Nf3 Nc6 3.Bb5 a6 4.Ba4 Nf6 5.O-O b5 6.Bb3 Bb7 7.d3 Be7 8.Nc3 O-O
9.a3 d6 10.Re1 h6 11.Ne2 Re8 12.Ng3 Bf8 13.c3 Na5 14.Ba2 d5 15.b4 dxe4 16.dxe4 Nc4
17.Bxc4 bxc4 18.Nd2 a5 19.Nxc4 axb4 20.Qb3 c5 21.Bb2 bxa3 22.Nxa3 Bc6 23.c4 Qd2
24.Bc3 Qd6 25.Nb5 Qb8 26.Rab1 Re7 27.f3 Rb7 28.Nf5 Bxb5 29.cxb5 c4 30.Qb2 Ba3
31.Bxe5 Bxb2 32.Bxb8 Rxb5 33.Be5 c3 34.Bxf6 gxf6 35.Nd4 Rb7 36.Nc2 Rd7 37.Rbd1 Rad8
38.Rxd7 Rxd7 39.Kf2 Kf8 40.Re2 Ke7 41.Ne3 h5 42.Rc2 Ke6 43.Ke2 Rb7 44.Nf5 Kd7
45.Kd3 Kc6 46.Kc4 Rb8 47.Ng3 Ra8 48.Nxh5 Ra4+ 49.Kd3 Kc5 50.Nxf6 Rd4+ 51.Ke2 Kc4
52.Nd5 Kb3 53.Ne3 Ra4 54.Kd3 Ra1 55.Re2 Rh1 56.h3 Bc1 57.Rc2 Bb2 58.Re2 Bc1
59.Rc2 Bb2 60.e5 Re1 61.Re2 Ra1 62.Ke4 Ra4+ 63.Kf5 Bc1 64.g3 Bd2 65.Nf1 Rd4
66.Nxd2+ cxd2 67.Rxd2 Rxd2 68.f4 Rd3 69.g4 Rxh3 70.Kf6 Rh7 71.g5 Kc4 72.e6 fxe6
73.Kxe6 Kd4 74.g6 Rh4 75.f5 Rg4 76.Kf7 Ke5 77.f6 Rf4 78.g7 Rxf6+ 79.Ke7 Rg6
80.Kf7 Rxg7+ 81.Kxg7  1/2-1/2

[Event "49th WJun"]
[Site "Chotowa POL"]
[Date "2010.08.10"]
[Round "7"]
[White "Sjugirov,S"]
[Black "Delorme,Ax"]
[Result "1-0"]
[WhiteElo "2610"]
[BlackElo "2455"]

1.e4 e5 2.Nf3 Nc6 3.Bb5 a6 4.Ba4 Nf6 5.O-O b5 6.Bb3 Bb7 7.c3 Nxe4 8.d4 Na5
9.Bc2 exd4 10.b4 Nc4 11.Bxe4 Bxe4 12.Re1 d5 13.Qxd4 Bd6 14.Qxg7 Kd7 15.Rxe4 dxe4
16.Qg4+ Kc6 17.Qxe4+ Kb6 18.Na3 Nxa3 19.Be3+ c5 20.Rd1 Rc8 21.bxc5+ Bxc5
22.Rxd8 Rhxd8 23.g3 Bxe3 24.Qxe3+ Rc5 25.Nd4 Nc4 26.Qh6+ Rd6 27.Qxh7 Rd8
28.Qh6+ Rd6 29.Qh7 Ne5 30.Qh8 Nc6 31.Qf8 Rd7 32.Nxc6 Kxc6 33.Qc8+ Rc7 34.Qxa6+  1-0

[Event "Open"]
[Site "Minsk BLR"]
[Date "2010.08.10"]
[Round "7"]
[White "Zhigalko,S"]
[Black "Kolesnik,E"]
[Result "1-0"]
[WhiteElo "2656"]
[BlackElo "2351"]

1.e4 e5 2.Nf3 Nc6 3.Bb5 a6 4.Ba4 Nf6 5.O-O b5 6.Bb3 Bb7 7.d3 Be7 8.Nbd2 d6
9.a3 O-O 10.Re1 Qd7 11.Nf1 Rfe8 12.Ng3 g6 13.Bg5 Nd8 14.c3 Ne6 15.d4 c5 16.Bxf6 Bxf6
17.dxe5 Bg7 18.Qxd6 Qxd6 19.exd6 c4 20.Bc2 Nc5 21.a4 Rad8 22.axb5 axb5 23.Ra5 Bc6
24.Nd4 Bxd4 25.cxd4 Nb7 26.Ra6 Rxd6 27.Rb6 b4 28.f3 f5 29.b3 f4 30.Nf1 Na5
31.d5 cxb3 32.Bd3 Rxd5 33.exd5 Rxe1 34.dxc6 Rc1 35.Rxb4 Rxc6 36.Rb5 Rc3 37.Be4  1-0

[Event "e2e4 Autumn Masters B"]
[Site "Uxbridge ENG"]
[Date "2010.08.11"]
[Round "1"]
[White "Burrows,M"]
[Black "Rausis,I"]
[Result "0-1"]
[WhiteElo "2173"]
[BlackElo "2466"]

1.e4 e5 2.Nf3 Nc6 3.Bb5 a6 4.Ba4 Nf6 5.O-O b5 6.Bb3 Bb7 7.c3 Nxe4 8.Re1 Nc5
9.Nxe5 Nxe5 10.Rxe5+ Ne6 11.d4 Bd6 12.Rh5 O-O 13.d5 Nf4 14.Bxf4 Bxf4 15.Nd2 g6
16.Rh3 Re8 17.Nf3 Qf6 18.a4 c5 19.dxc6 dxc6 20.axb5 Rad8 21.Qf1 cxb5 22.Nd4 Be5
23.Nc2 Bc7 24.Rd1 Rxd1 25.Qxd1 Qg5 26.Qf1 Qf4 27.Ne3 Kg7 28.Qd1 Rd8 29.Qe2 Qd6
30.Nf1 Qc6 31.Rf3 Rd7 32.Qe8 Bf4 33.Qe2 Qd6 34.Rh3 h5 35.Bc2 Re7 36.Ne3 Bc8
37.Rh4 Bg4 38.Qf1 Bxe3 39.fxe3 Qd2  0-1

[Event "USCL"]
[Site "ICC INT"]
[Date "2010.08.23"]
[Round "1"]
[White "Aldama Degurnay,D"]
[Black "Lugo,Bl"]
[Result "1-0"]
[WhiteElo "2419"]
[BlackElo "2396"]

1.e4 e5 2.Nf3 Nc6 3.Bb5 a6 4.Ba4 Nf6 5.O-O b5 6.Bb3 Bb7 7.Re1 Bc5 8.c3 d6
9.d4 Bb6 10.a4 h6 11.Na3 O-O 12.Be3 exd4 13.cxd4 Na5 14.d5 Nxb3 15.Qxb3 Bxe3
16.Rxe3 c6 17.axb5 axb5 18.Rd1 cxd5 19.exd5 b4 20.Qxb4 Bxd5 21.Nd4 Qd7 22.h3 Rfb8
23.Qd2 Ra4 24.Qe2 Rab4 25.Re7 Qa4 26.Nac2 Rxb2 27.Qd3 Rc8 28.Ne3 Bb3 29.Re1 g6
30.Ndf5 Bc2 31.Nxh6+ Kg7 32.Qxd6 Rc6 33.Rxf7+ Kxh6 34.Qf8+ Kg5 35.g3 Rb4
36.Nxc2 Re4 37.Rxe4 Qxe4 38.h4+ Kg4 39.Kh2 Rxc2 40.Rxf6 Qh1+ 41.Kxh1 Kh3
42.Qa3 g5 43.g4+  1-0

[Event "9th Open"]
[Site "Istanbul TUR"]
[Date "2010.08.23"]
[Round "4"]
[White "Ali Marandi,C"]
[Black "Karpatchev,A"]
[Result "0-1"]
[WhiteElo "2149"]
[BlackElo "2476"]

1.e4 e5 2.Nf3 Nc6 3.Bb5 a6 4.Ba4 Nf6 5.O-O b5 6.Bb3 Bb7 7.c3 Nxe4 8.d4 exd4
9.Re1 d5 10.Nxd4 Nxd4 11.Qxd4 c5 12.Qe5+ Qe7 13.Qh5 c4 14.Bc2 g6 15.Qd1 Qe5
16.f3 Bc5+ 17.Be3 Bxe3+ 18.Rxe3 O-O-O 19.fxe4 dxe4 20.Qe2 f5 21.Nd2 Rhe8
22.Kh1 Kb8 23.Qf2 Qd6 24.Nf1 f4 25.Rh3 e3 26.Qe2 Rd7 27.a4 Qe6 28.Kg1 Qb6
29.axb5 Rd2 30.Nxd2 exd2+ 31.Qf2 Re1+  0-1

[Event "17th IM"]
[Site "Graz AUT"]
[Date "2010.08.30"]
[Round "3"]
[White "Poetz,F"]
[Black "Handler,L"]
[Result "0-1"]
[WhiteElo "2364"]
[BlackElo "2115"]

1.e4 e5 2.Nf3 Nc6 3.Bb5 a6 4.Ba4 Nf6 5.O-O b5 6.Bb3 Bb7 7.Re1 Bc5 8.c3 d6
9.d4 Bb6 10.a4 O-O 11.Na3 h6 12.d5 Ne7 13.Nc2 c6 14.dxc6 Bxc6 15.Qd3 Qc7
16.Nb4 Bb7 17.axb5 axb5 18.Rxa8 Rxa8 19.Qxb5 Nxe4 20.Be3 Bxe3 21.fxe3 Nc5
22.Bc2 Nd5 23.Nxd5 Bxd5 24.b4 Rb8 25.Qe2 Ne4 26.Bxe4 Bxe4 27.Nd2 Bg6 28.Qc4 Qxc4
29.Nxc4 Rc8 30.Nxd6 Rxc3 31.Re2 Rb3 32.b5 Kf8 33.Kf2 Ke7 34.Rd2 Bd3 35.Nc8+ Kd7
36.Nb6+ Kc7 37.Na4 Bxb5 38.Nc5 Rb1 39.Ne4 Rf1+ 40.Kg3 Bc6 41.Rf2 Rxf2 42.Nxf2 f5
43.h4 Kd6 44.Nh3 Kd5 45.Kf2 Ke4 46.g3 Be8 47.Ke2 Bh5+ 48.Kf2 Bg4 49.Ng1 Kd3
50.Nf3 Bxf3 51.Kxf3 h5 52.Kf2 e4  0-1

[Event "FSIMA September"]
[Site "Budapest HUN"]
[Date "2010.09.14"]
[Round "11"]
[White "Getz,N"]
[Black "Bubalovic,D"]
[Result "1/2-1/2"]
[WhiteElo "2276"]
[BlackElo "2313"]

1.e4 e5 2.Nf3 Nc6 3.Bb5 a6 4.Ba4 Nf6 5.O-O b5 6.Bb3 Bb7 7.c3 Nxe4 8.d4 Na5
9.Nxe5 Nxb3 10.Qxb3 Qf6 11.f3 Nc5 12.Ng4 Nxb3 13.Nxf6+ gxf6 14.Re1+ Kd8 15.axb3 Rg8
16.Nd2 Rg6 17.Ne4 Be7 18.Ng3 Bd5 19.Bf4 f5 20.Nxf5 Bf6 21.Re3 d6 22.b4 Kd7
23.Rd3 h5 24.Kf2 h4 25.Ne3 Bb7 26.Ng4 Rag8 27.Rg1 Bg7 28.Rd2 Re8 29.Re2 Ra8
30.Rge1 Bf8 31.b3 a5 32.bxa5 Rxa5 33.Re8 Ra2+ 34.R1e2 Rxe2+ 35.Rxe2 Bd5 36.c4 bxc4
37.Ne3 Bb7 38.bxc4 Bg7 39.Nf5 Bf6 40.d5 Rg8 41.Ra2 Rb8 42.Be3 Bc8 43.Bd4 Bg5
44.Be3 Bf6 45.Bd2 Kd8 46.Ne3 Bd4 47.Ke2 Ke7 48.Nc2 Bf6 49.Nb4 Bd7 50.Ra6 Rg8
51.Kf1 Bd4 52.Be1 h3 53.g4 Be5 54.Nc6+ Bxc6 55.Rxc6 Bxh2 56.Rxc7+ Kf6 57.Bc3+ Kg6
58.c5 dxc5 59.Rc6+ Kg5 60.Rf6 Rb8 61.Rf5+ Kg6 62.Rf6+ Kg5 63.Rf5+ Kg6 64.Rf6+ Kg5  1/2-1/2

[Event "TCh-NED Meesterklasse 2010-11"]
[Site "Netherlands NED"]
[Date "2010.09.25"]
[Round "1.5"]
[White "Paulet,I"]
[Black "Van de Oudeweetering,A"]
[Result "1-0"]
[WhiteElo "2247"]
[BlackElo "2321"]

1.e4 e5 2.Nf3 Nc6 3.Bb5 a6 4.Ba4 Nf6 5.O-O b5 6.Bb3 Bb7 7.d3 Be7 8.Re1 O-O
9.Nbd2 Re8 10.Nf1 Bf8 11.c3 h6 12.Ng3 Na5 13.Bc2 d5 14.Qe2 c5 15.Nd2 Qc7
16.exd5 Nxd5 17.Nde4 Nf4 18.Qg4 Re6 19.Bxf4 exf4 20.Nh5 Rg6 21.Qxf4 Qc6 22.Qf3 Bd6
23.Nf4 Bxf4 24.Qxf4 Rf8 25.f3 b4 26.Re2 bxc3 27.bxc3 Qd5 28.Qd2 Bc8 29.Bb3 Qh5
30.Ng3 Qh4 31.Re4 Qf6 32.Rae1 Kh7 33.d4 cxd4 34.cxd4 Bf5 35.Qxa5 Bxe4 36.Rxe4 Rc8
37.Qd2 Kg8 38.Rf4 Qb6 39.Bxf7+  1-0

[Event "EYCC Girls U18"]
[Site "Batumi GEO"]
[Date "2010.09.26"]
[Round "7"]
[White "Olsarova,K"]
[Black "Motycakova,M"]
[Result "1-0"]
[WhiteElo "2203"]
[BlackElo "2072"]

1.e4 e5 2.Nf3 Nc6 3.Bb5 a6 4.Ba4 Nf6 5.O-O b5 6.Bb3 Bb7 7.Re1 Bc5 8.c3 d6
9.d4 Bb6 10.a4 O-O 11.axb5 axb5 12.Rxa8 Qxa8 13.Bg5 Ne7 14.Qd3 h6 15.Bh4 b4
16.Nbd2 bxc3 17.bxc3 Ba5 18.Ba4 Bc6 19.Bc2 Re8 20.Bg3 Bb7 21.Qb5  1-0

[Event "Tatry Open"]
[Site "Tatranske Zruby CZE"]
[Date "2010.10.04"]
[Round "3"]
[White "Motuz,K"]
[Black "Ptacnik,S"]
[Result "1-0"]
[WhiteElo "2244"]
[BlackElo "2109"]

1.e4 e5 2.Nf3 Nc6 3.Bb5 a6 4.Ba4 Nf6 5.O-O b5 6.Bb3 Bb7 7.Re1 Bc5 8.c3 d6
9.d4 Bb6 10.Bg5 h6 11.Bh4 Qd7 12.a4 O-O-O 13.axb5 axb5 14.Na3 g5 15.Bg3 exd4
16.Nxb5 Rde8 17.Qc2 g4 18.Nfxd4 Nxd4 19.Nxd4 Rxe4 20.Rxe4 Bxe4 21.Qd2 Bb7
22.Ba4 Qe7 23.Re1 Qf8 24.Qf4 Bxd4 25.Qxd4 Nd7 26.Qxg4 f5 27.Qf4 Rg8 28.Bb3 Rg4
29.Qxf5 Rg8 30.Bxg8  1-0

[Event "WY Boys-U14"]
[Site "Porto Carras GRE"]
[Date "2010.10.20"]
[Round "1.15"]
[White "Boruchovsky,A"]
[Black "Kreiner,Stefan"]
[Result "1-0"]
[WhiteElo "2250"]
[BlackElo "1937"]

1.e4 e5 2.Nf3 Nc6 3.Bb5 a6 4.Ba4 Nf6 5.O-O b5 6.Bb3 Bb7 7.Qe2 Bc5 8.c3 d6
9.Rd1 O-O 10.d4 Bb6 11.h3 Qe7 12.d5 Na5 13.Bc2 c6 14.dxc6 Bxc6 15.Nbd2 Rfe8
16.Nf1 d5 17.Ng3 Qb7 18.exd5 Bxd5 19.Bg5 Nd7 20.Qd3 e4 21.Qxd5 Qxd5 22.Rxd5 exf3
23.Rxd7 Nc4 24.Be4 Rac8 25.gxf3 Rc5 26.Bc1 g6 27.b3 Ne5 28.Rb7 f5 29.Rxb6 fxe4
30.fxe4 Rxc3 31.Bb2 Nf3+ 32.Kg2 Nh4+ 33.Kf1 Rc2 34.Bf6 Nf3 35.Rd1 Nd2+ 36.Kg2 Rxa2
37.Bc3 Nxb3 38.Rd7 Rc2 39.Rg7+ Kf8 40.Rbb7 Re7 41.Rbxe7 Rxc3 42.Ref7+ Ke8
43.Ra7 Kf8 44.Rxh7 Kg8 45.Rh6  1-0

[Event "WY Boys-U12"]
[Site "Porto Carras GRE"]
[Date "2010.10.22"]
[Round "3.9"]
[White "Schroeder,Ja"]
[Black "Huber,Mart AUT"]
[Result "1/2-1/2"]
[WhiteElo "2108"]
[BlackElo "1985"]

1.e4 e5 2.Nf3 Nc6 3.Bb5 a6 4.Ba4 Nf6 5.O-O b5 6.Bb3 Bb7 7.d3 Be7 8.a4 O-O
9.Re1 d5 10.exd5 Nxd5 11.Nxe5 Nd4 12.Nc3 Nb4 13.axb5 axb5 14.Rxa8 Bxa8 15.Qg4 Nxb3
16.cxb3 f5 17.Qe2 Bf6 18.d4 Qxd4 19.Qxb5 Bxe5 20.Rxe5 Nd3 21.Rxf5 Nxc1 22.Rxf8+ Kxf8
23.Qb8+ Ke7 24.Qxc7+ Kf6 25.h3 Nd3 26.Qg3 Nxb2 27.Nb5 Qe5 28.Qh4+ Kf7 29.Qd8 Bc6
30.Nd6+ Ke6 31.Nc8 Qc5 32.Qg8+ Kf6 33.Qd8+ Ke6 34.Qg8+ Kd7 35.Nb6+ Qxb6 36.Qxg7+ Kd6
37.Qxb2 Qc7 38.b4 Qd7 39.Qe2 Kc7 40.Qg4 Qd3  1/2-1/2

[Event "WY Boys-U16"]
[Site "Porto Carras GRE"]
[Date "2010.10.24"]
[Round "6.12"]
[White "Sadzikowski,D"]
[Black "Handler,L"]
[Result "1/2-1/2"]
[WhiteElo "2351"]
[BlackElo "2225"]

1.e4 e5 2.Nf3 Nc6 3.Bb5 a6 4.Ba4 Nf6 5.O-O b5 6.Bb3 Bb7 7.d3 Be7 8.Nc3 O-O
9.a4 b4 10.Nd5 Na5 11.Nxe7+ Qxe7 12.Ba2 b3 13.cxb3 Nc6 14.b4 Nxb4 15.Bc4 a5
16.b3 Ba6 17.Bb2 d6 18.Nh4 Bxc4 19.bxc4 g6 20.g3 Rab8 21.Bc3 Nd7 22.f4 f6
23.Qf3 c5 24.Ng2 Rfe8 25.Ne3 Nb6 26.f5 g5  1/2-1/2

[Event "WY Boys-U16"]
[Site "Porto Carras GRE"]
[Date "2010.10.29"]
[Round "10.12"]
[White "Meribanov,V"]
[Black "Nagy,Ga1"]
[Result "1/2-1/2"]
[WhiteElo "2219"]
[BlackElo "2372"]

1.e4 e5 2.Nf3 Nc6 3.Bb5 a6 4.Ba4 Nf6 5.O-O b5 6.Bb3 Bb7 7.d3 Be7 8.Nc3 O-O
9.a4 b4 10.Nd5 Nxd5 11.Bxd5 d6 12.c3 bxc3 13.bxc3 Na5 14.Bxb7 Nxb7 15.d4 exd4
16.cxd4 c5 17.Be3 cxd4 18.Nxd4 Bf6 19.Rc1 Rc8 20.Rxc8 Qxc8 21.Nf5 Qe6 22.Qd5 Nc5
23.Bxc5 Qxd5 24.exd5 dxc5 25.Rc1 g6 26.Nd6 Bd4 27.Nc4 Rb8 28.Kf1 Kf8 29.a5 Ke7
30.Ke2 Rb3 31.Rc2 Kd7 32.Nd2 Ra3 33.Nc4 Rb3 34.Nd2 Ra3 35.Nc4 Rb3  1/2-1/2

[Event "WY Boys-U12"]
[Site "Porto Carras GRE"]
[Date "2010.10.30"]
[Round "11.7"]
[White "Ali Marandi,C"]
[Black "Huber,Mart AUT"]
[Result "1-0"]
[WhiteElo "2180"]
[BlackElo "1985"]

1.e4 e5 2.Nf3 Nc6 3.Bb5 a6 4.Ba4 Nf6 5.O-O b5 6.Bb3 Bb7 7.c3 Nxe4 8.d4 exd4
9.Re1 d5 10.Ng5 Qd7 11.f3 h6 12.Nxf7 Qxf7 13.fxe4 O-O-O 14.Bxd5 Rxd5 15.exd5 Qxd5
16.Qg4+ Kb8 17.cxd4 Nxd4 18.Re8+ Ka7 19.Nc3 Qc4 20.Be3 Bc5 21.Re5 Bb6 22.Kh1 h5
23.Qd1 h4 24.h3 Rf8 25.Rc1 Qb4 26.Nd5 Qxb2 27.Rb1 Qxa2 28.Bxd4 Rf1+ 29.Qxf1 Bxd4
30.Nc3 Bxc3 31.Qg1+ Kb8 32.Re8+ Bc8 33.Rd1 Bf6 34.Qe3 Qc4 35.Qf3 c6 36.Qf5  1-0

[Event "20th World Seniors"]
[Site "Arco ITA"]
[Date "2010.11.02"]
[Round "7"]
[White "Wahlbom,M"]
[Black "Doehner,H"]
[Result "1-0"]
[WhiteElo "2282"]
[BlackElo "2169"]

1.e4 e5 2.Nf3 Nc6 3.Bb5 a6 4.Ba4 Nf6 5.O-O b5 6.Bb3 Bb7 7.Re1 Bc5 8.c3 d6
9.d4 Bb6 10.Be3 O-O 11.Nbd2 exd4 12.cxd4 Ne7 13.Qc2 Ng6 14.Rad1 Rc8 15.Qb1 Qe7
16.Bg5 Qd7 17.Nf1 Ne8 18.Ng3 c5 19.dxc5 Bxc5 20.Qd3 Qc7 21.Nf5 h6 22.Bxh6 gxh6
23.Qd2 Qd8 24.Qxh6 Qf6 25.Ng5  1-0

[Event "Chigorin Mem Classic Open"]
[Site "St Petersburg RUS"]
[Date "2010.11.04"]
[Round "8"]
[White "Denisov,I"]
[Black "Zamyshlyaev,A"]
[Result "1-0"]
[WhiteElo "2267"]
[BlackElo "2058"]

1.e4 e5 2.Nf3 Nc6 3.Bb5 a6 4.Ba4 Nf6 5.O-O b5 6.Bb3 Bb7 7.Re1 Bc5 8.c3 Ng4
9.Re2 Qe7 10.d4 Bb6 11.h3 Nf6 12.Bd5 d6 13.Be3 exd4 14.Nxd4 Nxd4 15.Bxd4 O-O-O
16.a4 Rhe8 17.Bxb7+ Kxb7 18.axb5 axb5 19.Na3 Qd7 20.Qb3 Nxe4 21.Bxb6 cxb6
22.Nxb5 Ra8 23.Rd1 Ra5 24.c4 f5 25.f3 Nc5 26.Qc2 Rxe2 27.Qxe2 Qe6 28.Qf2 Ra2
29.Nxd6+ Ka6 30.b4  1-0

[Event "Chigorin Mem Classic Open"]
[Site "St Petersburg RUS"]
[Date "2010.11.05"]
[Round "9"]
[White "Klimov,S"]
[Black "Sivuk,V"]
[Result "1-0"]
[WhiteElo "2506"]
[BlackElo "2423"]

1.e4 e5 2.Nf3 Nc6 3.Bb5 a6 4.Ba4 Nf6 5.O-O b5 6.Bb3 Bb7 7.c3 Nxe4 8.d4 exd4
9.Re1 d5 10.Ng5 Qd7 11.f3 h6 12.Nxf7 Qxf7 13.fxe4 O-O-O 14.Bxd5 Rxd5 15.exd5 Qxd5
16.Qg4+ Kb8 17.Re8+ Ka7 18.cxd4 Bc5 19.Rxh8 Nxd4 20.Nc3 Qe5 21.Kf1 Nc2 22.Bf4 Qd4
23.Qg3 Qg1+ 24.Ke2 Qxa1 25.Bxc7 Nd4+ 26.Kd3 Qf1+ 27.Kd2 Ne6 28.Bb8+ Kb6 29.Re8  1-0

[Event "TCh-NOR Attack-serien 2010-11"]
[Site "Oslo NOR"]
[Date "2010.11.07"]
[Round "3"]
[White "Gabrielsen,S"]
[Black "Hansen,TR"]
[Result "1/2-1/2"]
[WhiteElo "2288"]
[BlackElo "2439"]

1.e4 e5 2.Nf3 Nc6 3.Bb5 a6 4.Ba4 Nf6 5.O-O b5 6.Bb3 Bb7 7.d3 Be7 8.a3 O-O
9.Nc3 d6 10.Nd5 Nxd5 11.Bxd5 Bf6 12.c4 Rb8 13.cxb5 axb5 14.b4 Qd7 15.Bb2 Nd8
16.Bxb7 Rxb7 17.d4 exd4 18.Bxd4 Bxd4 19.Nxd4 Nc6 20.Nf5 Ne7 21.Ng3 c6 22.Rc1 Ra8
23.Rc3 Rba7 24.Rd3 d5 25.Qc1 Qe6 26.Re1 Qg6 27.h3 h6 28.Qc5 Rd7 29.Kh2 Rad8
30.Rd4 Qd6 31.Qc1 Qc7 32.e5 c5 33.Rg4 d4 34.Qxh6 Ng6 35.Qg5 Rd5 36.bxc5 d3
37.f4 d2 38.Rd1 Qe7 39.Qh5 Rxc5 40.Ne4 Rc1 41.Rxd2 Rxd2 42.Nxd2 Qc5 43.Nf3 Rf1
44.Qg5 Qe7 45.f5 Qxg5 46.Rxg5 Nxe5 47.Nxe5 f6 48.Rg4 fxe5 49.Rb4 Rxf5 50.Rxb5 Kf7
51.Rb3 Ke6 52.Rf3 Rh5 53.a4 e4 54.Re3 Re5 55.Kg3 Kd5 56.Re1 Kd4 57.Kf4 g5+
58.Kg3 Kd3 59.Rd1+ Kc2 60.Ra1 e3 61.Kf3 e2 62.Kf2 Kd2 63.Ra2+ Kd1 64.Ra1+ Kd2
65.Ra2+ Kd1 66.Ra1+ Kd2  1/2-1/2

[Event "Podgaets Memorial"]
[Site "Odessa UKR"]
[Date "2010.11.22"]
[Round "3"]
[White "Bulanov,D"]
[Black "Demidiukov,E"]
[Result "1-0"]
[WhiteElo "2370"]
[BlackElo "2327"]

1.e4 e5 2.Nf3 Nc6 3.Bb5 a6 4.Ba4 Nf6 5.O-O b5 6.Bb3 Bb7 7.d3 Bd6 8.a4 O-O
9.Nc3 b4 10.Ne2 h6 11.a5 Re8 12.Ng3 Bf8 13.Qe2 d5 14.Bd2 Rb8 15.Rfe1 g6 16.h4 Bg7
17.h5 Kh7 18.Ba4 Re7 19.c3 Ba8 20.Bc2 bxc3 21.bxc3 Re6 22.hxg6+ fxg6 23.exd5 Nxd5
24.d4 Nde7 25.Ne4 Kh8 26.Nc5 Rd6 27.dxe5 Rd5 28.Ne6 Qd7 29.Nxg7 Kxg7 30.Qe3 Nf5
31.Bxf5 Qxf5 32.Qxh6+ Kg8 33.Bg5 Rd7 34.Nh4  1-0

[Event "60th ch-RUS w"]
[Site "Moscow RUS"]
[Date "2010.11.25"]
[Round "9"]
[White "Shadrina,T"]
[Black "Kosintseva,T"]
[Result "1/2-1/2"]
[WhiteElo "2384"]
[BlackElo "2581"]

1.e4 e5 2.Nf3 Nc6 3.Bb5 a6 4.Ba4 Nf6 5.O-O b5 6.Bb3 Bb7 7.Re1 Bc5 8.c3 d6
9.d3 h6 10.Nbd2 O-O 11.Nf1 Ne7 12.Ng3 Ng6 13.d4 Bb6 14.h3 Re8 15.Bc2 d5 16.Nxe5 Nxe5
17.dxe5 Nxe4 18.Nxe4 dxe4 19.Qh5 g6 20.Qxh6 Rxe5 21.Be3 c5 22.Rad1 Qf6 23.Qf4 Qxf4
24.Bxf4 Re6 25.g4 Rae8 26.g5 Kg7 27.Rd2 c4 28.Be3 Bxe3 29.fxe3 Rh8 30.Rh2 f6
31.gxf6+ Rxf6 32.Rd1 Bc8 33.Bxe4 Bxh3 34.Rf2 Re8 35.Rd4 Re5 36.Rxf6 Kxf6
37.Kf2 Be6 38.Bb7 Rh5 39.Rd6 a5 40.Bc8 Re5 41.Rb6 Kf5 42.Bxe6+ Rxe6 43.Rxb5+ Kg4
44.Rc5 g5 45.Rxc4+ Kh3 46.Rc5 Rf6+ 47.Ke2 g4 48.Rxa5 g3 49.b4 g2 50.Rh5+ Kg4
51.Rh8 Rf1 52.Rg8+ Kh3 53.a4 g1=Q 54.Rxg1 Rxg1 55.a5 Kg4 56.Kd3 Kf5 57.Kc4 Ke6
58.Kc5 Kd7 59.c4 Kc7 60.b5 Rg5+ 61.Kd4 Rg1 62.c5 Rd1+ 63.Kc4 Rc1+ 64.Kd5 Rd1+
65.Kc4 Rc1+ 66.Kd5 Rd1+ 67.Ke4 Rc1 68.Kd5 Rd1+ 69.Kc4 Rc1+ 70.Kd4 Rd1+ 71.Kc4 Rc1+  1/2-1/2

[Event "60th ch-RUS w"]
[Site "Moscow RUS"]
[Date "2010.11.27"]
[Round "11"]
[White "Shadrina,T"]
[Black "Pogonina,N"]
[Result "0-1"]
[WhiteElo "2384"]
[BlackElo "2472"]

1.e4 e5 2.Nf3 Nc6 3.Bb5 a6 4.Ba4 Nf6 5.O-O b5 6.Bb3 Bb7 7.c3 Nxe4 8.d4 exd4
9.Re1 d5 10.Ng5 Qd7 11.f3 h6 12.Nh3 O-O-O 13.fxe4 dxe4 14.cxd4 Nxd4 15.Nf2 e3
16.Bxe3 Qc6 17.Qg4+ f5 18.Qh3 Bc5 19.Nc3 Kb8 20.Rac1 Rhe8 21.Bxd4 Bxd4 22.Kf1 Bxf2
23.Kxf2 Rd2+ 24.Kf1 Red8 25.Ne2 Qe4 26.Qg3 g5 27.Rcd1 f4 28.Qf2 g4 29.Rxd2 Rxd2
30.Rd1 Qxg2+ 31.Qxg2 Bxg2+ 32.Ke1 Rxb2 33.Nxf4 Bf3 34.Rd2 Rb1+ 35.Kf2 c5
36.Be6 c4 37.Nd5 b4 38.Bf5 c3 39.Rd4 Rb2+ 40.Ke3 a5 41.Bxg4 Bxg4 42.Rxg4 Rxh2
43.Nxb4 axb4 44.Rxb4+ Ka7 45.Rc4 c2 46.a4 Kb6 47.Kf3 Ka5 48.Kg3 Rd2 49.Kf3 h5
50.Ke3 Rh2 51.Kf3 h4 52.Kg4 Rd2 53.Kh3 Re2 54.Kxh4 Re4+ 55.Rxe4 c1=Q 56.Kg4 Kb6
57.Kf5 Kc5 58.Re5+ Kd6 59.Re6+ Kd5 60.Re5+ Kd4 61.Re4+ Kd3 62.Re5 Qc8+ 63.Kg5 Kd4
64.Rf5 Ke4 65.Rb5 Qf8 66.Rb1 Qd8+ 67.Kg6 Qd6+ 68.Kg5 Qd5+ 69.Kh4 Qc4 70.Rg1 Kf3+
71.Kh5 Qf7+ 72.Kh6 Qf8+ 73.Kh7 Qb4 74.Rf1+ Kg4 75.Rg1+ Kf5 76.Rg7 Qh4+ 77.Kg8 Qd4
78.Kh7 Kf6 79.a5 Qe4+ 80.Kg8 Qe8+ 81.Kh7 Qh5+ 82.Kg8 Qxa5 83.Rf7+ Ke6 84.Rg7 Qf5
85.Kh8 Qf8+ 86.Kh7 Qe8 87.Rg6+ Kf7 88.Rg4 Kf6 89.Rg7 Qe4+ 90.Kg8 Qe6+ 91.Kh7 Qe8
92.Ra7 Qe4+ 93.Kg8 Qc4+ 94.Kh8 Qc8+ 95.Kh7 Qc2+ 96.Kg8 Qb3+ 97.Kh7 Qb1+  0-1

[Event "Open LTU Rapid"]
[Site "Vilnius LTU"]
[Date "2010.11.27"]
[Round "4"]
[White "Tvarijonas,P"]
[Black "Sulskis,S"]
[Result "1-0"]
[WhiteElo "2373"]
[BlackElo "2562"]

1.e4 e5 2.Nf3 Nc6 3.Bb5 a6 4.Ba4 Nf6 5.O-O b5 6.Bb3 Bb7 7.Re1 Bc5 8.c3 d6
9.d3 h6 10.Nbd2 Bb6 11.Nf1 O-O 12.Ne3 Ne7 13.Qe2 Re8 14.h3 c5 15.Nh4 c4 16.dxc4 Nxe4
17.cxb5 axb5 18.Qh5 d5 19.Ng4 Ra4 20.Bxh6 Nxf2 21.Nxf2 gxh6 22.Bxa4 Bxf2+
23.Kxf2 Qb6+ 24.Kg3 e4 25.Bb3 Ng6 26.Nxg6 fxg6 27.Qxh6 Qd6+ 28.Qf4  1-0

[Event "Bansko Grand Chess Open"]
[Site "Bansko BUL"]
[Date "2010.12.14"]
[Round "2.4"]
[White "Nikolova,A"]
[Black "Georgiev,Vl"]
[Result "0-1"]
[WhiteElo "2328"]
[BlackElo "2582"]

1.e4 e5 2.Nf3 Nc6 3.Bb5 a6 4.Ba4 Nf6 5.O-O b5 6.Bb3 Bb7 7.d3 Bd6 8.a4 O-O
9.Nc3 b4 10.Ne2 Na5 11.Ba2 b3 12.Bxb3 Nxb3 13.cxb3 Re8 14.Ng3 Bf8 15.Qc2 h6
16.Bd2 c5 17.Bc3 Qc7 18.Rfe1 d6 19.Qd2 a5 20.Nf5 Nd7 21.Ne3 Nb8 22.Nh4 Qd8
23.g3 Nc6 24.Nc4 d5 25.exd5 Nd4 26.Bxd4 cxd4 27.d6 Bxd6 28.Qe2 Bb4 29.Rf1 e4
30.dxe4 d3 31.Qh5 Bxe4 32.f3 Bd5 33.Nf5 Bxc4 34.bxc4 Qf6 35.Rad1 d2 36.g4 Re1
37.Qh4 Qe5 38.Qg3 Qe2  0-1

[Event "TCh-NED Meesterklasse 2010-11"]
[Site "Netherlands NED"]
[Date "2011.01.08"]
[Round "5.9"]
[White "Jens,J"]
[Black "Van de Oudeweetering,A"]
[Result "0-1"]
[WhiteElo "2387"]
[BlackElo "2321"]

1.e4 e5 2.Nf3 Nc6 3.Bb5 a6 4.Ba4 Nf6 5.O-O b5 6.Bb3 Bb7 7.d3 Be7 8.Nc3 O-O
9.a3 d6 10.Ne2 d5 11.exd5 Nxd5 12.Ng3 Kh8 13.Re1 f6 14.c3 Qd7 15.d4 Rad8
16.dxe5 fxe5 17.Nxe5 Nxe5 18.Rxe5 Bc5 19.Ne4 Bb6 20.Bg5 Nf6 21.Nxf6 Qxd1+
22.Rxd1 Rxd1+ 23.Bxd1 gxf6 24.Rf5 Kg7 25.Bh4 Be4 26.Rf4 f5 27.Bf3 Bd3 28.g4 c5
29.gxf5 Bxf5 30.Be4 Kg6 31.Rxf5 Rxf5 32.Kg2 c4 33.f4 Be3 34.Bg5 Bc1 35.Kg3 h5
36.Kh4 Bxb2 37.Bxf5+ Kxf5 38.Kxh5 Bxc3 39.Kh6 Bb2 40.Be7 c3  0-1

[Event "9th Parsvnath Open"]
[Site "New Delhi IND"]
[Date "2011.01.08"]
[Round "2"]
[White "Saptarshi,R"]
[Black "Lenic,L"]
[Result "0-1"]
[WhiteElo "2399"]
[BlackElo "2613"]

1.e4 e5 2.Nf3 Nc6 3.Bb5 a6 4.Ba4 Nf6 5.O-O b5 6.Bb3 Bb7 7.d3 Be7 8.c3 O-O
9.Re1 h6 10.Nbd2 Re8 11.Nf1 Bf8 12.Ng3 Na5 13.Bc2 d5 14.Qe2 c5 15.Bd2 Qc7
16.Rad1 Rad8 17.Nh4 c4 18.Nhf5 Qc6 19.Nh5 cxd3 20.Nxf6+ Qxf6 21.Bxd3 Nc4
22.Bc1 Bc5 23.Ng3 Bb6 24.exd5 Bxd5 25.Bb1 Bb7 26.Rxd8 Rxd8 27.b3 Nd6 28.Be3 Bxe3
29.Qxe3 Rc8 30.Qxe5 Qxe5 31.Rxe5 Rxc3 32.Re1 Kf8 33.f3 b4 34.Ne2 Rc5 35.Kf2 Ke7
36.Nf4+ Kd7 37.Nd3 Rb5 38.Ne5+ Kd8 39.Rd1 Rxe5 40.Rxd6+ Kc7 41.Rd4 a5 42.Bd3 Bc6
43.Bc4 f6 44.Rd2 Bd7 45.a3 bxa3 46.Ra2 Kb6 47.Rxa3 Bb5 48.Ra2 g5 49.Bf7 f5
50.Rd2 f4 51.h4 Kc5 52.hxg5 hxg5 53.g3 Bc6 54.Rc2+ Kd6 55.gxf4 Rf5 56.Bh5 Rxf4
57.Ke3 Rb4 58.Bf7 Bxf3 59.Kxf3 Rf4+ 60.Kg3 Rxf7 61.Ra2 Rf5 62.Kg4 Rb5 63.Kh5 Kc6
64.Ra1 Kb6 65.Ra3 Rc5 66.Ra4 Kb5 67.Rd4 Rc3 68.Kxg5 Rxb3 69.Rd8 Rf3 70.Kg4 Rf7
71.Rd5+ Kb4 72.Rd4+ Kb3 73.Rd3+ Kc4  0-1